00714nam a2200229Ia 4500003000400000005001700004008004100021020001500062040000700077082001600084100001700100245006900117250000800186260004600194300002800240500000700268600003400275650001500309942001200324952013300336999001500469OSt20241007053221.0240925s9999 xx 000 0 und d a8131705064 csd a621.382 COL aCole, Marion 0aIntroduction to Telecommunication: voice, data and the internet  a2nd aNew Delhi:bPearson Printice Hallc,2008. axv,640p.bNAfPhotocopy aNA aTelecommunication Engineering aTechnology cBK2ddc 00102ddc40708ELaUITUbUITUd2008-03-03eStandard Booksg1040.00l0o621.382 COLpQ7380r2024-09-25 07:14:35w2024-09-25yBK c9879d9879